<?xml version="1.0" encoding="UTF-8"?>
<record
    xmlns:xsi="http://www.w3.org/2001/XMLSchema-instance"
    xsi:schemaLocation="http://www.loc.gov/MARC21/slim http://www.loc.gov/standards/marcxml/schema/MARC21slim.xsd"
    xmlns="http://www.loc.gov/MARC21/slim">

  <leader>00733nam a2200229Ia 4500</leader>
  <controlfield tag="003">OSt</controlfield>
  <controlfield tag="005">20240626133436.0</controlfield>
  <controlfield tag="008">210716s2011    xx            000 0 und d</controlfield>
  <datafield tag="020" ind1=" " ind2=" ">
    <subfield code="a">9780749462390</subfield>
  </datafield>
  <datafield tag="040" ind1=" " ind2=" ">
    <subfield code="c">AIMIT LIBRARY</subfield>
  </datafield>
  <datafield tag="041" ind1=" " ind2=" ">
    <subfield code="a">eng</subfield>
  </datafield>
  <datafield tag="082" ind1=" " ind2=" ">
    <subfield code="a">374.22 </subfield>
    <subfield code="2">1</subfield>
    <subfield code="b">RIGR</subfield>
  </datafield>
  <datafield tag="100" ind1=" " ind2=" ">
    <subfield code="a">Rigby, Rhymer.</subfield>
    <subfield code="9">171764</subfield>
  </datafield>
  <datafield tag="245" ind1=" " ind2=" ">
    <subfield code="a">28 business thinkers who changed the world : </subfield>
    <subfield code="b">management gurus and mavericks who changed the way we think about business /</subfield>
    <subfield code="c">By Rhymer Rigby.</subfield>
  </datafield>
  <datafield tag="250" ind1=" " ind2=" ">
    <subfield code="a">1st ed.</subfield>
  </datafield>
  <datafield tag="260" ind1=" " ind2=" ">
    <subfield code="a">New Delhi ;</subfield>
    <subfield code="b">Kogan Page ,</subfield>
    <subfield code="c">2011.</subfield>
  </datafield>
  <datafield tag="300" ind1=" " ind2=" ">
    <subfield code="a">iv,228p. ;</subfield>
    <subfield code="b">PB</subfield>
    <subfield code="c">22.1 cm</subfield>
  </datafield>
  <datafield tag="650" ind1=" " ind2=" ">
    <subfield code="a">Warren buffett</subfield>
    <subfield code="9">171765</subfield>
  </datafield>
  <datafield tag="650" ind1=" " ind2=" ">
    <subfield code="a">Rupert murdoch</subfield>
    <subfield code="9">171766</subfield>
  </datafield>
  <datafield tag="650" ind1=" " ind2=" ">
    <subfield code="a">Sam walton</subfield>
    <subfield code="9">171767</subfield>
  </datafield>
  <datafield tag="942" ind1=" " ind2=" ">
    <subfield code="2">ddc</subfield>
    <subfield code="c">BK</subfield>
    <subfield code="e">1st</subfield>
    <subfield code="k">374.22 RIGR</subfield>
  </datafield>
  <datafield tag="999" ind1=" " ind2=" ">
    <subfield code="c">207713</subfield>
    <subfield code="d">207713</subfield>
  </datafield>
  <datafield tag="952" ind1=" " ind2=" ">
    <subfield code="0">0</subfield>
    <subfield code="1">0</subfield>
    <subfield code="2">ddc</subfield>
    <subfield code="4">0</subfield>
    <subfield code="7">0</subfield>
    <subfield code="8">MBA</subfield>
    <subfield code="a">AIMIT</subfield>
    <subfield code="b">AIMIT</subfield>
    <subfield code="d">2012-12-18</subfield>
    <subfield code="g">395.00</subfield>
    <subfield code="i">Bill no:913; Bill dt:2012-11-01</subfield>
    <subfield code="l">2</subfield>
    <subfield code="o">374.22 RIGR</subfield>
    <subfield code="p">MBA10279</subfield>
    <subfield code="q">2025-09-03</subfield>
    <subfield code="r">2025-08-04 11:15:46</subfield>
    <subfield code="s">2025-08-04</subfield>
    <subfield code="v">296.25</subfield>
    <subfield code="w">2021-07-16</subfield>
    <subfield code="y">BK</subfield>
  </datafield>
</record>
